<?xml version="1.0" encoding="UTF-8"?>
<record
    xmlns:xsi="http://www.w3.org/2001/XMLSchema-instance"
    xsi:schemaLocation="http://www.loc.gov/MARC21/slim http://www.loc.gov/standards/marcxml/schema/MARC21slim.xsd"
    xmlns="http://www.loc.gov/MARC21/slim">

  <leader>00800nam a2200253 i 4500</leader>
  <controlfield tag="003">DO-SdBNP</controlfield>
  <controlfield tag="005">20250307120554.0</controlfield>
  <controlfield tag="007">ta</controlfield>
  <controlfield tag="008">250307t20052010dr a          000 h spa d</controlfield>
  <datafield tag="040" ind1=" " ind2=" ">
    <subfield code="a">DO-SdBNP</subfield>
    <subfield code="b">spa</subfield>
    <subfield code="c">BNPHU</subfield>
    <subfield code="e">rda</subfield>
  </datafield>
  <datafield tag="082" ind1=" " ind2=" ">
    <subfield code="a">xxxx</subfield>
    <subfield code="b">P948</subfield>
    <subfield code="2">22</subfield>
  </datafield>
  <datafield tag="100" ind1="1" ind2=" ">
    <subfield code="a">Priego, Harold</subfield>
    <subfield code="d">1955-2013</subfield>
    <subfield code="e">autor</subfield>
    <subfield code="4">aut.</subfield>
    <subfield code="9">78061</subfield>
  </datafield>
  <datafield tag="245" ind1="1" ind2="3">
    <subfield code="a">Diogenes y Boquechivo /</subfield>
    <subfield code="c">Harold Priego</subfield>
  </datafield>
  <datafield tag="250" ind1=" " ind2=" ">
    <subfield code="a">Primera edici&#xF3;n</subfield>
  </datafield>
  <datafield tag="264" ind1=" " ind2=" ">
    <subfield code="a">Santo Domingo :</subfield>
    <subfield code="b">Diario Libre,</subfield>
    <subfield code="b">Omnimedia,</subfield>
    <subfield code="c">2005-2010.</subfield>
  </datafield>
  <datafield tag="300" ind1=" " ind2=" ">
    <subfield code="a">volumenes</subfield>
    <subfield code="b">ilustraciones</subfield>
    <subfield code="c">28 y 14 cm.</subfield>
  </datafield>
  <datafield tag="336" ind1=" " ind2=" ">
    <subfield code="a">texto</subfield>
    <subfield code="b">txt</subfield>
    <subfield code="2">rdacontent</subfield>
  </datafield>
  <datafield tag="337" ind1=" " ind2=" ">
    <subfield code="a">sin mediaci&#xF3;n</subfield>
    <subfield code="b">n</subfield>
    <subfield code="2">rdamedia</subfield>
  </datafield>
  <datafield tag="338" ind1=" " ind2=" ">
    <subfield code="a">volumen</subfield>
    <subfield code="b">nc</subfield>
    <subfield code="2">rdacarrier</subfield>
  </datafield>
  <datafield tag="500" ind1=" " ind2=" ">
    <subfield code="a">La biblioteca posee los vol&#xFA;menes: 3, 4, 6 y 8.</subfield>
  </datafield>
  <datafield tag="590" ind1=" " ind2=" ">
    <subfield code="a">Inventariado, 2025/ YL</subfield>
  </datafield>
  <datafield tag="910" ind1=" " ind2=" ">
    <subfield code="a">YLockward</subfield>
  </datafield>
  <datafield tag="942" ind1=" " ind2=" ">
    <subfield code="2">ddc</subfield>
    <subfield code="c">LBS1</subfield>
  </datafield>
  <datafield tag="952" ind1=" " ind2=" ">
    <subfield code="0">0</subfield>
    <subfield code="1">0</subfield>
    <subfield code="2">ddc</subfield>
    <subfield code="5">1</subfield>
    <subfield code="7">0</subfield>
    <subfield code="8">PD</subfield>
    <subfield code="a">BNPHU</subfield>
    <subfield code="b">BNPHU</subfield>
    <subfield code="c">CT</subfield>
    <subfield code="d">2024-05-23</subfield>
    <subfield code="e">Donado por Francisca Mu&#xF1;oz</subfield>
    <subfield code="l">0</subfield>
    <subfield code="o">BNPHU PD xxxx P948</subfield>
    <subfield code="p">2025-1578</subfield>
    <subfield code="r">2025-03-07</subfield>
    <subfield code="t">v. 3</subfield>
    <subfield code="w">2025-03-07</subfield>
    <subfield code="y">LBS1</subfield>
  </datafield>
  <datafield tag="952" ind1=" " ind2=" ">
    <subfield code="0">0</subfield>
    <subfield code="1">0</subfield>
    <subfield code="2">ddc</subfield>
    <subfield code="5">1</subfield>
    <subfield code="7">0</subfield>
    <subfield code="8">PD</subfield>
    <subfield code="a">BNPHU</subfield>
    <subfield code="b">BNPHU</subfield>
    <subfield code="c">CT</subfield>
    <subfield code="d">2024-05-23</subfield>
    <subfield code="e">Donado por Francisca Mu&#xF1;oz</subfield>
    <subfield code="l">0</subfield>
    <subfield code="o">BNPHU PD xxxx P948</subfield>
    <subfield code="p">2025-1579</subfield>
    <subfield code="r">2025-03-07</subfield>
    <subfield code="t">v. 3, e. 2</subfield>
    <subfield code="w">2025-03-07</subfield>
    <subfield code="y">LBS1</subfield>
  </datafield>
  <datafield tag="952" ind1=" " ind2=" ">
    <subfield code="0">0</subfield>
    <subfield code="1">0</subfield>
    <subfield code="2">ddc</subfield>
    <subfield code="5">1</subfield>
    <subfield code="7">0</subfield>
    <subfield code="8">PD</subfield>
    <subfield code="a">BNPHU</subfield>
    <subfield code="b">BNPHU</subfield>
    <subfield code="c">CT</subfield>
    <subfield code="d">2024-05-23</subfield>
    <subfield code="e">Donado por Francisca Mu&#xF1;oz</subfield>
    <subfield code="l">0</subfield>
    <subfield code="o">BNPHU PD xxxx P948</subfield>
    <subfield code="p">2025-1580</subfield>
    <subfield code="r">2025-03-07</subfield>
    <subfield code="t">v. 4</subfield>
    <subfield code="w">2025-03-07</subfield>
    <subfield code="y">LBS1</subfield>
  </datafield>
  <datafield tag="952" ind1=" " ind2=" ">
    <subfield code="0">0</subfield>
    <subfield code="1">0</subfield>
    <subfield code="2">ddc</subfield>
    <subfield code="5">1</subfield>
    <subfield code="7">0</subfield>
    <subfield code="8">PD</subfield>
    <subfield code="a">BNPHU</subfield>
    <subfield code="b">BNPHU</subfield>
    <subfield code="c">CT</subfield>
    <subfield code="d">2024-05-23</subfield>
    <subfield code="e">Donado por Francisca Mu&#xF1;oz</subfield>
    <subfield code="l">0</subfield>
    <subfield code="o">BNPHU PD xxxx P948</subfield>
    <subfield code="p">2025-1581</subfield>
    <subfield code="r">2025-03-07</subfield>
    <subfield code="t">v. 6</subfield>
    <subfield code="w">2025-03-07</subfield>
    <subfield code="y">LBS1</subfield>
  </datafield>
  <datafield tag="952" ind1=" " ind2=" ">
    <subfield code="0">0</subfield>
    <subfield code="1">0</subfield>
    <subfield code="2">ddc</subfield>
    <subfield code="5">1</subfield>
    <subfield code="7">0</subfield>
    <subfield code="8">PD</subfield>
    <subfield code="a">BNPHU</subfield>
    <subfield code="b">BNPHU</subfield>
    <subfield code="c">CT</subfield>
    <subfield code="d">2024-05-23</subfield>
    <subfield code="e">Donado por Francisca Mu&#xF1;oz</subfield>
    <subfield code="l">0</subfield>
    <subfield code="o">BNPHU PD xxxx P948</subfield>
    <subfield code="p">2025-1582</subfield>
    <subfield code="r">2025-03-07</subfield>
    <subfield code="t">v. 8</subfield>
    <subfield code="w">2025-03-07</subfield>
    <subfield code="y">LBS1</subfield>
  </datafield>
  <datafield tag="999" ind1=" " ind2=" ">
    <subfield code="c">58354</subfield>
    <subfield code="d">58354</subfield>
  </datafield>
</record>
